| 000 | 00702na a2200229 4500 | ||
|---|---|---|---|
| 001 | 19269 | ||
| 003 | MIRAKIL | ||
| 005 | 20181213155100.0 | ||
| 008 | 161212b tu 000 0 | ||
| 040 |
_aMilas _btur _cTR-AnCHP |
||
| 041 | _atur | ||
| 082 |
_a613.9435 _bF57t 1989 |
||
| 090 | _a613.9435 F57t 1989 | ||
| 100 | _aFişek, Nusret H. | ||
| 245 |
_aTürk halkının sağlık düzeyi nasıl yükseltilebilir _cNusret H. Fişek |
||
| 260 |
_aAnkara _bTÜSES Yayınları _c1989 |
||
| 300 |
_a23, [9] s. _btbl. _c30 sm. |
||
| 504 | _aKaynakça var. | ||
| 650 |
_aSağlık hizmetleri _zTürkiye |
||
| 830 | _aTürkiye Sosyal Ekonomik Siyasal Araştırmalar Vakfı Yayınları | ||
| 942 |
_2ddc _cBKS |
||
| 999 |
_c6224 _d6224 |
||